| 000 | 00425nam a2200193Ia 4500 | ||
|---|---|---|---|
| 008 | 240510s9999 xx 000 0 und d | ||
| 020 | _a0001565295102 | ||
| 041 | _aEng | ||
| 082 | _a005.3 | ||
| 082 | _bP48 | ||
| 100 | _aPLUMLEY S. | ||
| 245 | 0 | _aCRYSTAL CLEAR WORD 6 FOR WINDOWS | |
| 260 | _bINDIANA : QUE | ||
| 260 | _c1993 | ||
| 300 | _a331 p. | ||
| 650 | _aMS WORD : PROGRAMS | ||
| 942 | _2ddc | ||
| 942 | _cLBK | ||
| 999 |
_c26497 _d26497 |
||
| 945 |
_a1 _bMadushi Gamage _c1 _dMadushi Gamage |
||